Odlišné cíle energetické politiky a spolupráce EU a Ruska
Desať rokov od doby, kedy sa predstavitelia Európskej únie a Ruska dohodli na spustení projektu Energetického dialógu. Nenaplnené očakávania. Úspechy a neúspechy Energetického dialógu. Prístup Ruska k energetickej politike. Ciele energetickej politiky Európskej únie. Odlišná logika spolupráce medzi...
Guardado en:
| Autor principal: | |
|---|---|
| Formato: | Capítulo de libro |
| Lenguaje: | checo |
| Materias: | |
| Etiquetas: |
Sin Etiquetas, Sea el primero en etiquetar este registro!
|
MARC
| LEADER | 00000naa a2200000 4500 | ||
|---|---|---|---|
| 001 | 0124106 | ||
| 005 | 20231016094142.6 | ||
| 041 | 0 | |a cze | |
| 044 | |a CZ | ||
| 245 | 1 | 0 | |a Odlišné cíle energetické politiky a spolupráce EU a Ruska |c Lukáš Tichý |
| 520 | |a Desať rokov od doby, kedy sa predstavitelia Európskej únie a Ruska dohodli na spustení projektu Energetického dialógu. Nenaplnené očakávania. Úspechy a neúspechy Energetického dialógu. Prístup Ruska k energetickej politike. Ciele energetickej politiky Európskej únie. Odlišná logika spolupráce medzi Európskou úniou a Ruskou federáciou. | ||
| 610 | 2 | 0 | |a energetika |
| 610 | 2 | 0 | |a politika energetická |
| 610 | 2 | 0 | |a bezpečnosť energetická |
| 610 | 2 | 0 | |a zdroje energetické |
| 610 | 2 | 0 | |a spolupráca medzinárodná |
| 610 | 2 | 0 | |a obchod |
| 610 | 2 | 0 | |a Rusko |
| 610 | 2 | 0 | |a Európska únia |
| 100 | 1 | |a Tichý, Lukáš | |